000 01924nam a2200529 c 4500
001 51799
003 ES-MaCES
005 20231130115418.0
008 210512s2021 sp ||| | spa d
017 _aM
_bDL
020 _a9788430981397
040 _aES-MaCES
_bspa
_cES-MaCES
100 1 _925188
_aTrinidad Requena, Antonio
245 1 3 _aLa cadena global de valor de las prendas de vestir
_b: la conciencia del consumidor respecto a los lugares de producción
_cauts., coords., Antonio Trinidad Requena, Rosa María Soriano Miras, Juan Francisco Bejarano Bella
260 _aMadrid
_bTecnos
_c2021
300 _a469 p.
_c24 cm
490 1 _aColección Estado y sociedad
500 _aÍndice
504 _aBibliografía: p. 232-236
541 _cCompra
650 4 _aindustria textil
_927716
650 4 _aindustria del vestido
_926769
650 4 _aglobalización económica
_930653
650 4 _aempresa multinacional
_927142
650 4 _areubicacion internacional de industrias
_930635
650 4 _adivisión internacional del trabajo
_927968
650 4 _acondiciones de trabajo
_928327
650 4 _aresponsabilidad del empleador
_930146
650 4 _apaís en desarrollo
_927092
650 4 _acomportamiento del consumidor
_927903
650 4 _ademanda de consumo
_927904
650 4 _apaís desarrollado
_927091
650 4 _aEspaña
_926964
650 4 _aFrancia
_926943
650 4 _aCanadá
_926860
650 4 _aEstados Unidos
_928373
650 4 _aestudio de casos
_928846
650 4 _aevaluación del impacto
_930732
650 4 _930344
_aevaluación del impacto ambiental
653 1 0 _aIndustria-Energía
700 1 _aSoriano Miras, Rosa María
_eaut. y coord.
_924293
700 1 _aBejarano Bella, Juan Francisco
_eaut. y coord.
_939957
830 0 _aPaidós Estado y sociedad
_932853
902 _aLIB Libro
942 _2CES
_cBK
_h5.2.
999 _c51799
_d51799